00905nam a22002297a 4500003000200000005001700002008004100019050002100060100001700081245012600098260007100224300002800295500003600323504005800359650002500417650003000442650002600472650002700498942001200525999001900537952011900556020250217162844.0250217b xxu||||| |||| 00| 0 eng d aG 155b.D59 2023 aDizon, James aThe influence of social media platforms on the choice of travel destination for millenials and baby boomerscJames Dizon  aLas Pinas CitybSouthville International School and Collegesc2023 ax, 127 pages ; c28cm.  aBachelor of Science in Tourism. aIncludes bibliographical references and appendices.  aTourism—Marketing. aSocial media—Influence. aMillennials—Travel. aBaby-boomers—Travel. 2lcccTH c367240d367240 00102lcc40aCLbCLcTHESESd2025-02-17eDONATIONl0oG 155 .D59 2023pT1447r2025-02-17 00:00:00w2025-02-17yTH